Normal view MARC view
  • Choudhary,prakash

Entry Personal Name

Number of records used in: 2

001 - CONTROL NUMBER

  • control field: 56789

003 - CONTROL NUMBER IDENTIFIER

  • control field: OSt

005 - DATE AND TIME OF LATEST TRANSACTION

  • control field: 20220806105421.0

008 - FIXED-LENGTH DATA ELEMENTS

  • fixed length control field: 220806|| aca||aabn | a|a d

040 ## - CATALOGING SOURCE

  • Original cataloging agency: OSt
  • Transcribing agency: OSt

100 ## - HEADING--PERSONAL NAME

  • Personal name: Choudhary,prakash

670 ## - SOURCE DATA FOUND

  • Source citation: Work cat.: (OSt)32707: Choudhary,prakash, Business Regulatory Framework, 2011